000 00448nam a2200217Ia 4500
003 IT-RoPAU
008 120407s9999 xx 000 0 und d
040 _aIT-RoPAU
040 _cIT-RoPAU
041 _aita
100 _aGiovanni Locke
245 _aPensieri sull’educazione.
250 _aFirenze
260 _aNuova Italia
260 _c1960
300 _a307 p.
300 _c20 cm
490 _v1
942 _cBK
999 _c32100
_d32100